| 000 | 00424nam a2200145Ia 4500 | ||
|---|---|---|---|
| 008 | 150610s9999 xx 000 0 und d | ||
| 020 | _a9781423113386 | ||
| 050 |
_aPZ7 _b.R479r 2010 |
||
| 100 | _aRiordan, Rick | ||
| 245 | 4 |
_aThe red pyramid / _cRick Riordan. |
|
| 250 | _a1st ed. | ||
| 260 |
_aNew York : _bDisney /Hyperion Books, _c2010. |
||
| 300 |
_a516pages ; _c22 cm. |
||
| 440 |
_aThe Kane chronicles ; bk. 1 _vv.1 |
||
| 999 |
_c287887 _d287887 |
||